| 000 | 005380000a22001810004500 | ||
|---|---|---|---|
| 003 | MACL | ||
| 005 | 20160121160801.0 | ||
| 008 | 160121b xxu||||| |||| 00| 0 eng d | ||
| 040 |
_aMACL _cMACL |
||
| 041 | _aHindi | ||
| 082 | _a385/KUM | ||
| 100 |
_aकुमार एम _933943 |
||
| 245 | _aरेलवे भर्ती बोर्ड परीक्षा | ||
| 260 |
_bआनन्द पब्लिशर्स _aग्वालियर |
||
| 350 | _a80 | ||
| 650 |
_aRail Road _94562 |
||
| 942 |
_cHIN _k385/KUM _2ddc |
||
| 999 |
_c30628 _d30628 |
||